| 000 | 00372nam a22001337a 4500 | ||
|---|---|---|---|
| 999 |
_c7799 _d7800 |
||
| 008 | 190405b ||||| |||| 00| 0 eng d | ||
| 020 | _a0781732174 | ||
| 082 | _a610.73 K18L 2002 | ||
| 100 | _aKarch, Amy M. | ||
| 245 | _aLippincott`s Nursing Drug Guide. | ||
| 260 |
_aNew York ; _bLippincott`s williams and Wilkins, _c2002. |
||
| 300 |
_axii, 1453 p. _c21 cm. |
||
| 942 | _2ddc | ||